Νήσος Λέσβος: ανάλυση ενεργειακών σεναρίων : διατριβή

Αποθηκεύτηκε σε:
Λεπτομέρειες βιβλιογραφικής εγγραφής
Κύριος συγγραφέας: Γαληνός, Σπύρος
Συγγραφή απο Οργανισμό/Αρχή: Πανεπιστήμιο Αιγαίου Σχολή Περιβάλλοντος Τμήμα Περιβάλλοντος Πρόγραμμα Μεταπτυχιακών Σπουδών Περιβαλλοντική Πολιτική και Διαχείριση
Άλλοι συγγραφείς: Χαραλαμπόπουλος, Δίας (Εισηγητής διατριβής)
Μορφή: Thesis Βιβλίο
Γλώσσα:Greek
Δημοσίευση: 2007
Θέματα:
Διαθέσιμο Online:http://hdl.handle.net/11610/15088
Ετικέτες: Προσθήκη ετικέτας
Δεν υπάρχουν, Καταχωρήστε ετικέτα πρώτοι!

MARC

LEADER 00000cam a2200000 i 4500
001 1/103780
008 090406s2007 gre d
035 |l 10104181 
040 |a GR-MY-UA  |b gre  |e aacr 
041 0 |a gre 
082 0 |a 333.79  |2 (22) 
100 1 |a Γαληνός, Σπύρος. 
245 1 0 |a Νήσος Λέσβος: ανάλυση ενεργειακών σεναρίων :  |b διατριβή /  |c Σπυρίδων Β. Γαληνός ; επιβλέπων καθηγητής: Χαραλαμπόπουλος Δίας 
260 |c 2007 
300 |a 80 σ.;  |b πιν.;  |c 30 εκ. 
500 |a Βιβλιογραφία: σ. 68-72 
502 |a Διατριβή (μεταπτυχιακή) – Πανεπιστήμιο Αιγαίου, Λέσβος, 2007. 
650 0 0 |a Energy development  |z Greece  |z Lesbos Island. 
650 0 0 |a Renewable energy sources  |z Greece  |z Lesbos Island. 
650 0 0 |a Energy consumption  |z Greece  |z Lesbos Island. 
650 0 0 |a Dissertations, Academic  |z Greece. 
700 1 |a Χαραλαμπόπουλος, Δίας.  |4 ths 
710 2 |a Πανεπιστήμιο Αιγαίου  |b Σχολή Περιβάλλοντος  |b Τμήμα Περιβάλλοντος  |b Πρόγραμμα Μεταπτυχιακών Σπουδών Περιβαλλοντική Πολιτική και Διαχείριση. 
852 |a INST  |b LESVOS  |c DIATR  |e 20090406  |h 455  |p 005100045295  |q 005100045295  |t MTXE  |y 23 
852 |a INST  |b LESVOS  |c DIATR  |e 20090406  |h 456  |p 005100045296  |q 005100045296  |t MTXE  |y 23 
856 |u http://hdl.handle.net/11610/15088 
901 |a BIBL1-2009-1 
909 |a Λ  |b 130385 
909 |a Λ  |b 130384 
924 |a ΓΑΛΗΝΟΣ  |b ΣΠΥΡΟΣ  |y ΛΕΣΒΟΣ  |z 2007-11 
970 |a ΤΖΑΦΕΡΗ  |b ΕΥΑΓΓΕΛΙΑ  |z 2009/04/06